Auf den Spuren der Engel: Die moderne Gesellschft und die Wiederentdeckung der Transzendenz.
Сохранить в:
| Главный автор: | |
|---|---|
| Формат: | |
| Опубликовано: |
Frankfurt am Main, Deutschland:
S. Fischer,
1970.
|
| Предметы: | |
| Метки: |
Добавить метку
Нет меток, Требуется 1-ая метка записи!
|
MARC
| LEADER | 00000nam a22000007a 4500 | ||
|---|---|---|---|
| 003 | CL-VaPUC | ||
| 005 | 20250507091059.0 | ||
| 008 | 250507t1970 ||||| |||| 00| 0 eng d | ||
| 999 | |c 449299 |d 449297 | ||
| 020 | |a 3100071018 | ||
| 040 | |c Pontificia Universidad Católica de Valparaíso | ||
| 082 | |a 261.51 BER 1970 | ||
| 100 | |9 320954 |a Berger, Peter L |e autor | ||
| 245 | |a Auf den Spuren der Engel: |b Die moderne Gesellschft und die Wiederentdeckung der Transzendenz. | ||
| 260 | |a Frankfurt am Main, Deutschland: |b S. Fischer, |c 1970. | ||
| 300 | |a 135 páginas. | ||
| 500 | |a c.1. Donación libros de R. P Dieter Gustavo Felten (Q.E.P.D) octubre 2024. | ||
| 546 | |a Libro en alemán. Trad. de: A rumour of angels, modern society and the rediscovery of the supernatural. | ||
| 583 | |c 20250507 |k Gabriela Rodríguez Cuevas | ||
| 650 | 0 | |9 337481 |a Sociología de la religión | |
| 650 | 0 | |9 394699 |a Sobrenatural |x Religión | |
| 650 | 0 | |9 315549 |a Experiencia religiosa | |
| 650 | 0 | |9 258584 |a Secularización |x Teología cristiana | |
| 942 | |2 ddc |c BK |n 1 | ||
| 952 | |0 0 |1 0 |2 ddc |4 0 |6 261_510000000000000_BER_1970 |7 0 |8 A |9 602909 |a BIBTEO |b BIBTEO |d 2025-05-07 |e Donación |i 5667293 |o 261.51 BER 1970 |p 5667293 |r 2025-05-07 |t 1 |w 2025-05-07 |y BK |k ICR | ||